00571nam a2200169Ia 4500008004100000020001500041041000800056082001600064100004600080245004000126250000600166260004400172300001300216650002300229999001900252952013000271210716s2003 xx 000 0 und d a0195658663 aeng a374.22 AHLI aAhluwalia, Isher Judge; Williamson, John. aSouth Asian experience with growth. a1 aNew YorkbOxford University Pressc2003 axiii,218 aGeneral Management c201482d201482 00102ddc40738MBAaAIMITbAIMITd2006-08-28g495.00l0o374.22 AHLIpMBA04048r2025-07-21 00:00:00v396.00w2021-07-16yBK